| 000 | 01040nam a2200289Ia 4500 | ||
|---|---|---|---|
| 003 | OSt | ||
| 005 | 20221007123340.0 | ||
| 006 | a|||||r|||| 00| 0 | ||
| 007 | ta | ||
| 008 | 221006b |||||||| |||| 00| 0 eng d | ||
| 020 |
_a0195657136 (pbk) _cRs.295.00 |
||
| 024 | _a8624 | ||
| 037 |
_bN R Book, _cTextual |
||
| 040 |
_aPAPL _cPAPL _beng |
||
| 041 |
_2eng _aeng |
||
| 082 | _aD65,494, N8 | ||
| 100 |
_aLathi B P _9443315 |
||
| 245 | 0 | _aSignal processing and linear systems by B P Lathi | |
| 260 |
_aNew _bDelhi Oxford University Press _c1998 |
||
| 300 |
_ax,850p _ccm. |
||
| 500 | _aBibliographical references 837-838p; Index 844-850p; ^n23/CSL/CARPA/2001-2002/360^d2001-10-07^mPurchase; ; 2001-2002/235^b2001-10-23^c059/01^d2001-10-10^eRs.1,476.00^fN R Book Distributors; ; 2002-01-09^bSB^c2002-05-27^dRPS | ||
| 650 |
_a Signal processing _9449298 |
||
| 650 |
_a Telecommunication _9235632 |
||
| 650 | _aElectronics | ||
| 942 |
_hD65,494, N8 _cTEXL _2CC |
||
| 999 |
_c1211726 _d1211726 |
||